[Event "Africa-ch"]
[Site "Giza"]
[Date "2023.05.07"]
[Round "2"]
[White "Nyazi, Nehad"]
[Black "Msellek, Ilyass"]
[Result "1-0"]
[WhiteElo "2224"]
[BlackElo "2420"]
[PlyCount "120"]
[EventDate "2023.05.06"]
[EventType "swiss"]
[EventRounds "9"]
[EventCountry "EGY"]
[SourceTitle "CBM 214 Extra"]
[Source "ChessBase"]
[SourceDate "2023.07.31"]
[SourceVersion "1"]
[SourceVersionDate "2023.07.31"]
[SourceQuality "1"]

1. d4 d6 2. Nf3 Bf5 3. c4 Nf6 4. Nc3 g6 5. g3 Ne4 6. Bg2 Nxc3 7. bxc3 Be4 8. 0-0 Bg7 9. Be3 0-0 10. Qd2 Nc6 11. Bh6 Na5 12. Bxg7 Kxg7 13. d5 c5 14. Qf4 Bc2 15. h4 Qd7 16. h5 Qa4 17. Nd2 Qd7 18. Rfe1 f6 19. h6+ Kh8 20. Kh2 e5 21. dxe6 Qxe6 22. Bd5 Qe7 23. Rac1 Ba4 24. Qe4 Qc7 25. Qg2 Rae8 26. e4 b5 27. cxb5 Bxb5 28. f4 Bc6 29. c4 Rb8 30. Nf3 Qd7 31. Rc2 Qg4 32. Kg1 Rfe8 33. Rce2 Bxd5 34. cxd5 Nc4 35. Rc2 Na3 36. Rce2 Nb5 37. e5 Nc3 38. Rd2 fxe5 39. fxe5 dxe5 40. Nxe5 Qh5 41. Qf2 Ne4 42. Rxe4 Rb1+ 43. Re1 Rxe1+ 44. Qxe1 Rxe5 45. Qa1 Qf5 46. Qc3 Kg8 47. d6 Qf6 48. Qb3+ c4 49. Qxc4+ Kf8 50. Rf2 Rf5 51. Qc8+ Kf7 52. Qd7+ Kg8 53. Qe8+ Qf8 54. Qe6+ Qf7 55. Qe8+ Qf8 56. d7 Rxf2 57. d8Q Rf1+ 58. Kg2 Rf2+ 59. Kh3 Qxe8 60. Qxe8+ Rf8 1-0

[Event "Sharjah Masters 2nd"]
[Site "Sharjah"]
[Date "2018.04.19"]
[Round "9"]
[White "Soumya, Swaminathan"]
[Black "Nyazi, Nehad"]
[Result "1-0"]
[WhiteElo "2354"]
[BlackElo "2213"]
[PlyCount "55"]
[EventDate "2018.04.12"]
[EventType "swiss"]
[EventRounds "9"]
[EventCountry "UAE"]
[SourceTitle "CBM 184 Extra"]
[Source "ChessBase"]
[SourceDate "2018.06.28"]
[SourceVersion "1"]
[SourceVersionDate "2018.06.28"]
[SourceQuality "1"]

1. e4 c6 2. d4 d5 3. e5 Bf5 4. Nd2 e6 5. Nb3 Nd7 6. Nf3 Qc7 7. Be3 f6 8. exf6 Ngxf6 9. Be2 Bd6 10. h3 0-0 11. 0-0 Rae8 12. a4 Ne4 13. a5 Rf6 14. Kh1 Ref8 15. Nc1 g5 16. Nxg5 Nxg5 17. Bxg5 Rg6 18. Be3 Nf6 19. Nd3 Be4 20. f3 Qg7 21. Bf4 Bxd3 22. Bxd6 Rd8 23. Bxd3 Rxg2 24. Be5 Kf7 25. Qc1 Rg3 26. Bxg3 Qxg3 27. Qd2 Rg8 28. Qh2 1-0

[Event "Sharjah Masters 2nd"]
[Site "Sharjah"]
[Date "2018.04.17"]
[Round "7"]
[White "Erigaisi, Arjun Kumar"]
[Black "Nyazi, Nehad"]
[Result "1-0"]
[WhiteElo "2481"]
[BlackElo "2213"]
[PlyCount "55"]
[EventDate "2018.04.12"]
[EventType "swiss"]
[EventRounds "9"]
[EventCountry "UAE"]
[SourceTitle "CBM 184 Extra"]
[Source "ChessBase"]
[SourceDate "2018.06.28"]
[SourceVersion "1"]
[SourceVersionDate "2018.06.28"]
[SourceQuality "1"]

1. d4 Nf6 2. c4 g6 3. Nc3 Bg7 4. e4 d6 5. Be2 0-0 6. Bg5 Na6 7. f4 c6 8. Qd2 Nc7 9. Bf3 Ne6 10. Bh4 c5 11. dxc5 Nxc5 12. Rc1 Qa5 13. Nge2 Be6 14. b3 Rfd8 15. h3 b5 16. cxb5 Bxb3 17. axb3 Nxb3 18. Qa2 Qxa2 19. Nxa2 Nxc1 20. Naxc1 Rab8 21. Nd4 Rd7 22. f5 Kf8 23. Ncb3 Ne8 24. 0-0 Nc7 25. Be2 d5 26. Ne6+ Kg8 27. Nxc7 Rxc7 28. Bg3 1-0

[Event "Sharjah Masters 2nd"]
[Site "Sharjah"]
[Date "2018.04.14"]
[Round "4"]
[White "Nyazi, Nehad"]
[Black "Dimakiling, Oliver"]
[Result "0-1"]
[WhiteElo "2213"]
[BlackElo "2412"]
[PlyCount "96"]
[EventDate "2018.04.12"]
[EventType "swiss"]
[EventRounds "9"]
[EventCountry "UAE"]
[SourceTitle "CBM 184 Extra"]
[Source "ChessBase"]
[SourceDate "2018.06.28"]
[SourceVersion "1"]
[SourceVersionDate "2018.06.28"]
[SourceQuality "1"]

1. d4 Nf6 2. c4 e6 3. Nc3 d5 4. cxd5 exd5 5. Bg5 Be6 6. Nf3 Nbd7 7. e3 a6 8. Bd3 Be7 9. 0-0 0-0 10. Rc1 h6 11. Bf4 c5 12. dxc5 Nxc5 13. Bb1 Rc8 14. Nd4 Bd6 15. Nxe6 fxe6 16. Bxd6 Qxd6 17. f4 Ncd7 18. Kh1 Qb6 19. Qd2 Rc4 20. Rce1 Rd8 21. b3 Rb4 22. Na4 Qa5 23. Qb2 Qxa4 24. Qxf6 Nxf6 25. bxa4 Rxa4 26. Rc1 Rc4 27. Bd3 Rcc8 28. h3 h5 29. g3 Kf7 30. Kg2 Ke7 31. Kf3 Rf8 32. Ke2 Kd7 33. Kf3 Kd6 34. Bg6 b5 35. Rfd1 e5 36. Bf5 Rc4 37. Rxc4 bxc4 38. Rb1 e4+ 39. Ke2 d4 40. Rb6+ Kc5 41. Rb7 d3+ 42. Kd2 c3+ 43. Kxc3 Nd5+ 44. Kd2 Rxf5 45. Rxg7 Rf8 46. Rg5 Rb8 47. Rxh5 Rb2+ 48. Kd1 Kc4 0-1

[Event "Cairo Egyptian op"]
[Site "Cairo"]
[Date "2015.11.21"]
[Round "8"]
[White "Nyazi, Nehad"]
[Black "Hassan, Sayed Barakat"]
[Result "0-1"]
[WhiteElo "2196"]
[BlackElo "2324"]
[PlyCount "120"]
[EventDate "2015.11.15"]
[EventType "swiss"]
[EventRounds "11"]
[EventCountry "EGY"]
[SourceTitle "CBM 170 Extra"]
[Source "ChessBase"]
[SourceDate "2016.02.25"]
[SourceVersion "1"]
[SourceVersionDate "2016.02.25"]
[SourceQuality "1"]

1. d4 Nf6 2. c4 d6 3. Nc3 e5 4. dxe5 dxe5 5. Qxd8+ Kxd8 6. Bg5 c6 7. 0-0-0+ Kc7 8. Nf3 Nbd7 9. e3 Bb4 10. Bh4 Bxc3 11. bxc3 Ne4 12. Kc2 f6 13. Nd2 Nd6 14. f3 a6 15. Bf2 b5 16. e4 Nb7 17. Be2 Nb6 18. Rb1 Na4 19. cxb5 axb5 20. c4 Nac5 21. Rb2 b4 22. Ra1 Na6 23. a3 c5 24. Kb1 Bd7 25. Nf1 bxa3 26. Rxa3 Nb4 27. Rxa8 Rxa8 28. Ne3 Nd6 29. Nd5+ Nxd5 30. cxd5 Ra5 31. Be1 Ra4 32. Bf2 Ra5 33. Ra2 Rxa2 34. Kxa2 Kb6 35. Kb3 Bb5 36. Bxb5 Kxb5 37. Kc3 Nc8 38. g4 Nb6 39. h4 Na4+ 40. Kc2 Kc4 41. h5 Nb6 42. h6 g6 43. g5 fxg5 44. Be3 g4 45. fxg4 Nc8 46. Bg1 Nd6 47. Bh2 Nxe4 48. d6 Nxd6 49. Bxe5 Ne4 50. Bg7 Nf2 51. g5 Ne4 52. Bf6 Kd5 53. Bd8 c4 54. Kb2 Kd4 55. Kc2 Ke3 56. Bc7 Kf3 57. Bd8 Kg4 58. Be7 Nxg5 59. Kc3 Nf7 60. Bf8 Kh5 0-1

[Event "Cairo Egyptian op"]
[Site "Cairo"]
[Date "2012.11.15"]
[Round "4"]
[White "Nyazi, Nehad"]
[Black "Sadek, Sameh"]
[Result "0-1"]
[WhiteElo "2193"]
[BlackElo "2342"]
[PlyCount "100"]
[EventDate "2012.11.12"]
[EventType "swiss"]
[EventRounds "9"]
[EventCountry "EGY"]
[SourceTitle "EXT 2014"]
[Source "ChessBase"]
[SourceDate "2013.11.20"]
[SourceVersion "1"]
[SourceVersionDate "2013.11.20"]
[SourceQuality "1"]

1. d4 d5 2. c4 dxc4 3. e4 Nf6 4. e5 Nd5 5. Bxc4 Nb6 6. Bd3 Nc6 7. Be3 Nb4 8. Be4 N4d5 9. Nc3 c6 10. Qe2 a5 11. Nf3 a4 12. 0-0 a3 13. Nxd5 Nxd5 14. Ng5 axb2 15. Rab1 h6 16. Nxf7 Kxf7 17. Qh5+ Kg8 18. Bg6 Rh7 19. Rxb2 e6 20. Rb3 b5 21. Bxh7+ Kxh7 22. Bxh6 g6 23. Qf3 Kg8 24. Qe4 Bxh6 25. Qxg6+ Bg7 26. Rh3 Ne7 27. Qh7+ Kf7 28. Qh5+ Kf8 29. Rf3+ Nf5 30. g4 Qe8 31. Qxe8+ Kxe8 32. gxf5 exf5 33. Rc3 Bd7 34. Rc2 Ke7 35. f4 Ra4 36. Rd1 Bh6 37. d5 Bxf4 38. e6 Be8 39. dxc6 Rc4 40. Rxc4 bxc4 41. Kf2 c3 42. Rd4 c2 43. Rc4 c1Q 44. Rxc1 Bxc1 45. c7 Bd7 46. exd7 Kxd7 47. Ke2 Kxc7 48. Kd3 Kc6 49. a4 Kb6 50. Kd4 Bh6 0-1

[Event "Africa-ch"]
[Site "Maputo"]
[Date "2011.06.10"]
[Round "6"]
[White "Nyazi, Nehad"]
[Black "Ezat, Mohamed Mahmoud"]
[Result "1/2-1/2"]
[WhiteElo "2216"]
[BlackElo "2453"]
[PlyCount "44"]
[EventDate "2011.06.04"]
[EventType "swiss"]
[EventRounds "9"]
[EventCountry "MOZ"]
[SourceTitle "CBM 142 Extra"]
[Source "ChessBase"]
[SourceDate "2011.06.27"]
[SourceVersion "1"]
[SourceVersionDate "2011.06.27"]
[SourceQuality "1"]

1. d4 Nf6 2. c4 g6 3. Nc3 Bg7 4. e4 d6 5. Be2 0-0 6. Nf3 e5 7. 0-0 Nc6 8. d5 Ne7 9. b4 Nh5 10. Re1 f5 11. Ng5 Nf6 12. Bf3 c6 13. Be3 h6 14. Ne6 Bxe6 15. dxe6 fxe4 16. Nxe4 Nxe4 17. Bxe4 d5 18. cxd5 cxd5 19. Bc5 dxe4 20. Qxd8 Rfxd8 21. Bxe7 Re8 22. Bc5 Rxe6 1/2-1/2

[Event "Africa-ch"]
[Site "Maputo"]
[Date "2011.06.08"]
[Round "5"]
[White "Solomons, Deon"]
[Black "Nyazi, Nehad"]
[Result "1/2-1/2"]
[WhiteElo "2214"]
[BlackElo "2216"]
[PlyCount "58"]
[EventDate "2011.06.04"]
[EventType "swiss"]
[EventRounds "9"]
[EventCountry "MOZ"]
[SourceTitle "CBM 142 Extra"]
[Source "ChessBase"]
[SourceDate "2011.06.27"]
[SourceVersion "1"]
[SourceVersionDate "2011.06.27"]
[SourceQuality "1"]

1. Nf3 Nf6 2. g3 g6 3. Bg2 Bg7 4. d3 0-0 5. 0-0 c5 6. e4 Nc6 7. Re1 d6 8. a4 Rb8 9. c3 a6 10. h3 b5 11. axb5 axb5 12. d4 Nd7 13. Be3 Bb7 14. Na3 b4 15. Nc4 bxc3 16. bxc3 Qc7 17. Bf1 cxd4 18. cxd4 Nb4 19. Nfd2 d5 20. Bf4 e5 21. Nxe5 Nxe5 22. dxe5 Bxe5 23. Rc1 Bc6 24. Bxe5 Qxe5 25. Nf3 Qb2 26. Nd4 Bd7 27. Rb1 Qa3 28. Ra1 Qc3 29. Rc1 Qa3 1/2-1/2

[Event "Africa-ch"]
[Site "Maputo"]
[Date "2011.06.07"]
[Round "4"]
[White "Nyazi, Nehad"]
[Black "Chumfwa, Stanley"]
[Result "0-1"]
[WhiteElo "2216"]
[BlackElo "2340"]
[PlyCount "106"]
[EventDate "2011.06.04"]
[EventType "swiss"]
[EventRounds "9"]
[EventCountry "MOZ"]
[SourceTitle "CBM 142 Extra"]
[Source "ChessBase"]
[SourceDate "2011.06.27"]
[SourceVersion "1"]
[SourceVersionDate "2011.06.27"]
[SourceQuality "1"]

1. d4 Nf6 2. c4 e6 3. Nf3 b6 4. g3 Bb7 5. Bg2 Be7 6. Nc3 0-0 7. 0-0 Ne4 8. Qc2 Nxc3 9. bxc3 f5 10. d5 Na6 11. a4 Bd6 12. a5 Nc5 13. Nd4 Qf6 14. Nb5 exd5 15. Nxd6 Qxd6 16. cxd5 Bxd5 17. Bf4 Qe6 18. Bxd5 Qxd5 19. Bxc7 Qb3 20. Qa2 Qxa2 21. Rxa2 b5 22. a6 Rfc8 23. Be5 Rc6 24. Rb1 d6 25. Bd4 Rb8 26. Ra5 Rcb6 27. h4 g6 28. Kg2 Kf7 29. Kf3 Ke6 30. Be3 Kd5 31. Rb4 Kc6 32. h5 Rxa6 33. Rxa6+ Nxa6 34. Rb1 Nc5 35. hxg6 hxg6 36. Ra1 Ra8 37. g4 fxg4+ 38. Kxg4 a5 39. Ra3 Ne6 40. f3 Kd5 41. Bb6 a4 42. e4+ Kc4 43. f4 b4 44. cxb4 Kxb4 45. Ra1 a3 46. f5 gxf5+ 47. Kxf5 Nc5 48. e5 Rf8+ 49. Kg4 Nb3 50. Rxa3 Kxa3 51. exd6 Rf7 52. Kg5 Kb4 53. Kg6 Rd7 0-1

[Event "Africa-ch"]
[Site "Maputo"]
[Date "2011.06.05"]
[Round "2"]
[White "Nyazi, Nehad"]
[Black "Phiri, Richmond"]
[Result "1-0"]
[WhiteElo "2216"]
[BlackElo "2165"]
[PlyCount "57"]
[EventDate "2011.06.04"]
[EventType "swiss"]
[EventRounds "9"]
[EventCountry "MOZ"]
[SourceTitle "CBM 142 Extra"]
[Source "ChessBase"]
[SourceDate "2011.06.27"]
[SourceVersion "1"]
[SourceVersionDate "2011.06.27"]
[SourceQuality "1"]

1. d4 Nf6 2. c4 e6 3. Nf3 b6 4. a3 Bb7 5. Nc3 d5 6. cxd5 Nxd5 7. Qc2 Nxc3 8. bxc3 Be7 9. e4 0-0 10. Bd3 c5 11. 0-0 Qc8 12. Qe2 cxd4 13. cxd4 Ba6 14. Rd1 Bxd3 15. Rxd3 Nd7 16. e5 Qc4 17. Bg5 Bxg5 18. Nxg5 Rac8 19. Rad1 Rfd8 20. h4 h6 21. Ne4 Qd5 22. Rg3 Rc4 23. Qg4 g6 24. h5 g5 25. Nxg5 Nxe5 26. Qf4 Kf8 27. Nh7+ Ke7 28. Qh4+ f6 29. Rg7+ 1-0